| 000 | 01882nam0a2200325 4500 | ||
|---|---|---|---|
| 001 | RU\NLR\BIBL_A\011776560 | ||
| 005 | 20180917105928.0 | ||
| 010 |
_a978-5-398-01996-4 _95 |
||
| 021 |
_aRU _bКН-П-18-052678 _9КН-П-18-3791 |
||
| 035 | _a(NLR Aleph) 011776560 | ||
| 035 | _a(RuMoRGB)009691461 | ||
| 090 |
_a11753348 _c11753348 |
||
| 100 | _a20180823d2018 k y0rusy50 ca | ||
| 101 | 0 | _arus | |
| 102 | _aRU | ||
| 105 | _ay|||z|||000zy | ||
| 200 | 1 |
_aМиграционная политика Украины на рубеже веков (1991-2015 гг.) _eмонография _fА.И. Агафонов, К.А. Антипьев _gпод общей редакцией профессора В.Н. Стегния _gМинистерство образования и науки Российской Федерации, Федеральное государственное бюджетное образовательное учреждение высшего образования "Пермский национальный исследовательский политехнический университет" |
|
| 210 |
_aПермь _cИзд-во Пермского национального исследовательского политехнического университета _d2018 |
||
| 215 |
_a160, [1] с. _cтабл. _d21 |
||
| 320 | _aБиблиогр. в подстроч. примеч. | ||
| 333 | _a16+ | ||
| 606 | 1 |
_aНаселение _xМиграция _xУправление _92310107 _3RU\NLR\AUTH\661382605 |
|
| 686 | 1 | _aС73(2Ук)74-25 | |
| 700 | 1 |
_aАгафонов _bА. И. _gАлександр Иосифович |
|
| 701 | 1 |
_aАнтипьев _bК. А. _gКонстантин Анатольевич |
|
| 942 | _cBOOK | ||
| 980 | _aNBR | ||
| 980 | _aNB | ||